00753 2200253 4500001002100000005001700021008004100038035002400079090001500103100002100118245008200139250001100221260005100232300002700283500006100310500001100371650003400382700001700416850001500433980001500448985000600463999001500469999001500484YOGYA-0209000003541120090227025014.0 ind  0010-020900000035411 a952bJan J aJansen, Marius B aJepangbselama dua abad perubahancMarius B. Jansen ; penerjemah, Masri Maris aCet. 1 aYogyakartabGadjah Mada University Pressc1983 ax, 97 hlmbilusc21 cm aJudul asli : Japan and its world two centuries of change aIndeks aJepangxPolitik dan pemikiran aMaris, Masri aYOPDYOG(B) a25-09-2006 a2 a95P0067963 a99P0001907